Športová hala v Martine

Saved in:
Bibliographic Details
Main Author: Stančoková, Michaela (Author)
Other Authors: Sandanus, Jaroslav (Thesis advisor)
Format: Manuscript Book
Language:Slovak
Published: 2015
Subjects:
Online Access:http://is.stuba.sk/zp/portal_zp.pl?podrobnosti=109744
https://opac.crzp.sk/?fn=detailBiblioForm&sid=78283B71680DBAF21444D51D22D4
Tags: Add Tag
No Tags, Be the first to tag this record!

MARC

LEADER 00000ntm a22000003a 4500
001 stuzp51841
003 SK-STU
005 20231113134608.1
007 ta
008 150427s2015----xo-----f-mn---000-0-slo-d
040 |a STU  |b slo 
041 0 |a slo 
100 1 |a Stančoková, Michaela  |u 010190  |4 aut  |U SvF Stavebná fakulta  |T SvF Katedra kovových a drevených konštrukcií  |X 67568  |U V190  |Y 21  |7 A000067568 
242 0 1 |a Sports hall in Martin  |y eng 
245 1 0 |a Športová hala v Martine 
260 |c 2015 
650 4 |a drevená konštrukcia  |2 slo 
650 4 |a nosný systém  |2 slo 
650 4 |a halový objekt  |2 slo 
650 4 |a hall building  |2 eng 
650 4 |a support system  |2 eng 
650 4 |a wooden structure  |2 eng 
700 1 |a Sandanus, Jaroslav  |4 ths  |X 2750  |7 A000002750 
856 4 |u http://is.stuba.sk/zp/portal_zp.pl?podrobnosti=109744 
856 4 |u https://opac.crzp.sk/?fn=detailBiblioForm&sid=78283B71680DBAF21444D51D22D4 
SQL |a stuzp51841  |b DDP  |c SLO  |d Športová hala v Martine  |e 67568  |f Stančoková, Michaela  |g 010190  |h 2750  |i Sandanus, Jaroslav  |j 20150616  |k 945  |l 01  |m http://is.stuba.sk/zp/portal_zp.pl?podrobnosti=109744  |n I-NKS  |o 5.1.5. inžinierske konštrukcie a dopravné stavby